Вісник Закарпатської академії мистецтв (Запис № 434603)

МАРК-запис
000 -Лідер
fixed length control field 01200nam a22002777a 4500
001 - Контрольний номер
control field 54489
003 - Ідентифікатор контрольного номера
control field UA-OsUOA
005 - Дата та час останнього входження (трансакції)
control field 20260424112448.0
007 - Фіксоване поле фізичного опису
fixed length control field ta
008 - Елементи даних фіксованої довжини – загальна інформація
fixed length control field 20180312b un ||||| |||| 00| 0 ukr d
022 ## - Міжнародний стандартний серіальний номер (ISSN)
Міжнародний стандартний серіальний номер (ISSN) 25206419
040 ## - Джерело каталогізації
Агенція оригінальної каталогізації UA-OsUOA
Мова каталогізації ukr
Агенція, яка здійснювала перезапис UA-OsUOA
Агенція, яка здійснювала модифікацію UA-OsUOA
041 ## - Код мови
Код мови тексту/ звукової доріжки чи окремого заголовка (П) ukr
080 ## - Індекс Універсальної десяткової класифікації
Індекс Універсальної десяткової класифікації (УДК) (НП) 7.072.2(081)
090 ## - Локальний шифр розміщення
Класифікаційний індекс УДК 7.072.2(081)
Авторський знак (НП) В55
110 ## - Наймення організації – загальна інформація
Найменування колективу або юрисдикції як початковий елемент введення Міністерство освіти і науки України
Структурний підрозділ Закарпатська академія мистецтв
9 (RLIN) 25089
245 ## - Відомості про назву
Назва (НП) Вісник Закарпатської академії мистецтв
Решта назви (НП) збірник наукових праць
Дані про відповідальність (НП) ред. кол. : І. І. Небесник та ін.
Номер частини/ розділу роботи (П) Вип. 8
260 ## - Публікація, розповсюдження і т.п. (Вихідні дані)
Місце публікації, розповсюдження і т.п. (П) Ужгород
Ім’я/ наймення видавництва, розповсюджувача і т.п. (П) Закарпатська академія мистецтв
Дата публікації, розповсюдження і т.п. (П) 2017
300 ## - Фізичний опис
Обсяг 204 с.
650 #7 - Додаткове предметне введення – тематичний термін
Тематичний термін чи географічна назва, як елемент введення (НП) 7.07 Види занять і діяльності, пов’язані з мистецтвом та розвагами
Джерело заголовка чи терміна UDC
9 (RLIN) 18253
700 1# - Додаткове введення – ім'я особи
Ім’я особи (НП) Небесник І. І.
Термін відношення ред.
9 (RLIN) 25090
942 ## - Додаткові елементи входу (Коха)
Тип елемента Koha Книги
Source of classification or shelving scheme Universal Decimal Classification
955 ## - Код типу видання за змістом
Код типу видання за змістом (НП) Наукові видання
Фонди
Стан вилучень Стан втрат Джерело класифікації або схеми стелажів Стан уражень Не для кредиту Постійне місце розташування Поточне розміщення Дата придбання Джерело придбання Вартість, звичайна ціна покупки Інвентарний номер Усього замовленно Повний номер виклику Штрих-код Дата останнього перегляду Ціна ефективна від Тип елемента Koha Вартість, ціна заміни
    Universal Decimal Classification     Наукова бібліотека ІДУД Наукова бібліотека ІДУД 12/03/2018 332/2017 1.00 2139434   081 В55 2139434 15/09/2019 12/03/2018 Книги  
    Universal Decimal Classification     ЧЗ - Читальна зала ЧЗ - Читальна зала 24/04/2026 №23/23.04.2026 50.00     7.072.2(081) В55 169862 24/04/2026 24/04/2026 Книги 50.00